书目信息 |
| 题名: |
清代藏传佛教研究
|
|
| 作者: | 尕藏加 著 | |
| 分册: | ||
| 出版信息: | 北京 中国社会科学出版社 2014 |
|
| 页数: | 14,360页 | |
| 开本: | 24cm | |
| 丛书名: | ||
| 单 册: | ||
| 中图分类: | B946.6 | |
| 科图分类: | ||
| 主题词: | 喇嘛宗--佛教史--研究--西藏--清代 , 喇嘛宗 , 佛教史 | |
| 电子资源: | ||
| ISBN: | 978-7-5161-4307-0 | |
| 000 | 00957nam0 2200277 450 | |
| 001 | 007083568 | |
| 005 | 20150426235612.0 | |
| 010 | @a978-7-5161-4307-0@b@dCNY78.00 | |
| 100 | @a20141102d2014 em y0chiy50 ea | |
| 101 | 0 | @achi@eeng |
| 102 | @aCN@b110000 | |
| 105 | @aa z 000yy | |
| 106 | @ar | |
| 200 | 1 | @a清代藏传佛教研究@9qing dai zang chuan fo jiao yan jiu@f尕藏加著@g |
| 210 | @a北京@c中国社会科学出版社@d2014 | |
| 215 | @a14,360页@c彩照@d24cm | |
| 300 | @a中国社会科学院创新工程学术出版资助项目 国家社会科学基金项目 | |
| 330 | @a本书论述了清王朝统治时期中国的藏传佛教的发展、流布、演变,对清代藏传佛教的仪轨制度、政教合一制度、活佛转世制度、册封赏赐制度等都进行了较为细致的阐述。 | |
| 606 | 0 | @a喇嘛宗@x佛教史@x研究@y西藏@z清代 |
| 606 | 0 | @a喇嘛宗 |
| 606 | 0 | @a佛教史 |
| 690 | @aB946.6@v5 | |
| 701 | 0 | @a尕藏加@9ga zang jia@f(1959-)@4著 |
| 801 | 0 | @aCN@b91MARC@c20150426@g |
| 905 | @aMUSE@dB946.6@e5 | |
| 906 | @dCNY78.00@n1@r1 | |
| 清代藏传佛教研究/尕藏加著.-北京:中国社会科学出版社,2014 |
| 14,360页:彩照;24cm |
| 中国社会科学院创新工程学术出版资助项目 国家社会科学基金项目 |
| ISBN 978-7-5161-4307-0:CNY78.00 |
| 本书论述了清王朝统治时期中国的藏传佛教的发展、流布、演变,对清代藏传佛教的仪轨制度、政教合一制度、活佛转世制度、册封赏赐制度等都进行了较为细致的阐述。 |
| ● |
| 相关链接 |
|
|
|
正题名:清代藏传佛教研究
索取号:B946.6/5
 
预约/预借
| 序号 | 登录号 | 条形码 | 馆藏地/架位号 | 状态 | 备注 |
| 1 | 829703 | 2000829703 | 第二书库/ [索取号:B946.6/5] | 在馆 |